| 000 | 01609nam a2200313 a 4500 | ||
|---|---|---|---|
| 001 | 000010848 | ||
| 003 | DO-SdBNP | ||
| 005 | 20230503140204.0 | ||
| 008 | 091012s1978 dr b 000 0 spa d | ||
| 020 | _a8484010139 | ||
| 040 |
_aDO-SdBNP _bspa _cBPMSU |
||
| 082 | 4 |
_a972.9307294 _bL595s 1978 _222 |
|
| 100 | 1 | _aLepellertier de Saint Remy, R. | |
| 245 | 1 | 0 |
_aSanto Domingo : _bestudio y solución nueva de la cuestión haitiana / _cR. Lepellertier de Saint Remy ;traducción de Gustavo Amigó. |
| 260 |
_aSanto Domingo : _bEditora de Santo Domingo, _c1978. |
||
| 300 |
_av. ; _cmap. |
||
| 490 | 0 |
_aSociedad Dominicana de Bibliófilos ; _aCultura dominicana ; _v 26 |
|
| 500 | _aIncluye referencias bibliográficas y notas al pie de las páginas | ||
| 500 | _a | ||
| 504 | _aBibliográficas : (p. 393-405) | ||
| 505 | 0 | _aV. II : Negociaciones de 1814 a 1825 -- De la ordenanza de 1825 a los tratados de 1838 -- Cuestión financiera -- Nueva situación económica -- Recursos y ventajas de la parte oriental de Santo Domingo -- Situación económica de la República Dominicana -- Samaná -- Samaná: esbozo económico -- Samaná. Cuestión de los cafés -- Aplicación a Santo Domingo de la combinación de las tasas intermedias -- Hipótesis de la ocupación de Samaná por Francia -- Conclusión | |
| 590 | _6Inventariado, 2023/VM | ||
| 650 | 4 |
_aFranceses en Santo Domingo (Republica Dominicana) _xHistoria |
|
| 650 | 4 | _aCuestión haitiana. | |
| 651 | 4 |
_aRepública Dominicana _xHistoria. |
|
| 700 | 1 |
_a Amigó, Gustavo _etr. |
|
| 910 | _aVMateo V. Control de calidad (BPMSU) | ||
| 942 |
_2ddc _cBK |
||
| 999 |
_c14389 _d14389 |
||